00686nam a2200241 a 4500001001300000003000900013005001700022008004100039020001000080082001600090100002600106245002000132260004000152300000900192500003500201505001500236650002400251700002600275902000800301942000700309952011300316999001500429nice12345678IN_TiNIC20260116012745.0050524s0000 dela grp 000 0 urd  ac3.500a297.23bILA aIlahi, Mohammad Ashiq aMaidan-E-Hasher aDelhibIdara Ishaat-E-Diniyatc0000 a280p aincludes index and biblioraphy2 aBib, Index aEschatology-Islamic1 aIlahi, Mohammad Ashiq bSRS cBK 001040708StackRoom-aHMIbHMId2007-07-13g3.50l0o297.23 ILAp010007r2007-07-13v3.50w2005-05-24yBK c8255d8255